Statistics for South American Metro Areas with 1 million+ inhabitants

Click here to take the quiz!

General Stats

  • This quiz has been taken 69 times
  • The average score is 33 of 47

Answer Stats

RankCountryPopulationCity% Correct
5Colombia9,800,000Bogota
100%
2Argentina16,300,000Buenos Aires
100%
4Peru9,900,000Lima
100%
3Brazil13,100,000Rio de Janeiro
100%
6Chile7,200,000Santiago
98%
1Brazil22,200,000Sao Paulo
98%
10Brazil3,925,000Brasilia
97%
12Venezuela3,775,000Caracas
97%
25=Bolivia2,075,000La Paz
97%
22Paraguay2,300,000Asuncion
95%
19Ecuador2,675,000Quito
95%
29Uruguay1,850,000Montevideo
92%
11Brazil3,825,000Recife
90%
9Colombia3,950,000Medellin
88%
18Colombia3,050,000Cali
87%
13Brazil3,650,000Fortaleza
87%
7Brazil4,975,000Belo Horizonte
85%
24Brazil2,175,000Manaus
85%
8Brazil4,100,000Porto Alegre
83%
17Ecuador3,125,000Guayaquil
82%
14Brazil3,575,000Salvador
80%
32Argentina1,650,000Cordoba
77%
15Brazil3,375,000Curitiba
77%
25=Colombia2,075,000Barranquilla
75%
20Venezuela2,600,000Maracaibo
75%
23Brazil2,225,000Belem
73%
36Argentina1,360,000Rosario
70%
35Brazil1,400,000Natal
68%
25=Bolivia2,075,000Santa Cruz
68%
33Brazil1,430,000Sao Luis
63%
21Brazil2,375,000Goiania
60%
46=Chile1,010,000Valparaiso
58%
40=Colombia1,120,000Cartagena
57%
16Brazil3,175,000Campinas
55%
28Venezuela2,000,000Valencia
55%
43Argentina1,080,000Mendoza
50%
44Peru1,060,000Arequipa
45%
31Brazil1,730,000Santos
45%
37Bolivia1,350,000Cochabamba
40%
38Venezuela1,300,000Barquisimeto
38%
39Colombia1,160,000Bucaramanga
35%
34Venezuela1,420,000Maracay
35%
30Brazil1,820,000Vitoria
35%
40=Brazil1,120,000Joao Pessoa
27%
42Brazil1,110,000Maceio
23%
46=Argentina1,010,000San Miguel de Tucaman
22%
45Brazil1,030,000Teresina
20%

Score Distribution

Percentile by Number Answered

Percent of People with Each Score

Your Score History

You have not taken this quiz